00358nam a2200121Ia 4500003000400000008004100004040001600045082001900061245006000080260008000140300001100220490000500231GCL140319s9999 xx 000 0 ara d aGCL / cGCL04a811.009bن ن10aنقد النثر فى تراث العرب النقدى a[S.N] : bالهيئة المصرية العامة للكتاب ، c1993 a356 ص a